| Поле | Инд. | ПП | Название | Значение |
|---|---|---|---|---|
| Тип записи | a | |||
| Библиографический уровень | b | |||
| 001 | Контрольный номер | 4a633a05474c4623973de8fa7508cb14 | ||
| 005 | Дата корректировки | 20250923095457.0 | ||
| 024 | 80 | a | Стандартный номер | 10.3103/S0027134925700481 |
| 040 | a | Служба первич. каталог. | Scopus | |
| b | Код языка каталог. | rus | ||
| 041 | 0_ | a | Код языка текста | eng |
| 097 | a | Костяева О.Г. | ||
| 100 | 1_ | a | Автор | Smoliannikov D. Yu. |
| 100 | 1_ | a | Автор | Arsenyev N. N. |
| 100 | 1_ | a | Автор | Severyukhin A. P. |
| c | Титул (звания) | кандидат физико-математических наук; доцент (должность) | ||
| i | 000091232 | |||
| g | Прочие сведения | РИНЦ AuthorID: 34832 (http://elibrary.ru/author_profile.asp?id= 34832); SPIN-код: 7677-8561 (http://elibrary.ru/author_items.asp?authorid=34832); Scopus Author ID: 6603020727 (https://www.scopus.com/authid/detail.uri?origin=resultslist&authorId=6603020727&zone=) | ||
| j | Принадлежность неизвестного автора к последователям, ученикам, сторонникам, школе и т. д. | государственный университет "Дубна" | ||
| k | Кафедра фундаментальных проблем физики микромира; Инженерно-физический институт | |||
| q | Полное имя | Северюхин Алексей Павлович | ||
| u | Дополнение | Северюхин А. П.; Severyukhin Alexey P. | ||
| 245 | 10 | a | Заглавие | Radial Dependence of the Nucleon Effective Mass and Ground-State Properties of Magic Nuclei |
| 513 | a | передано и. о. проректора по научной работе и инновациям | ||
| b | 15.09.2025 | |||
| 773 | 18 | t | Название источника | Moscow University Physics Bulletin |
| b | Сведения об издании | Allerton Press | ||
| c | Russia | |||
| m | Специф. данные | входит в Белый список; входит в Scopus; входит в ядро РИНЦ; ненулевой импакт-фактор | ||
| n | Примечание | Вестник Московского университета. Серия 3: Физика. Астрономия | ||
| q | У3 Белый список; Q4 Scopus 2024 | |||
| x | ISSN | 0027-1349 | ||
| w | Контрольный № источника | 978e978de6d7415482a3ccfa19ef6bdb | ||
| d | Место и дата издания | 2025 | ||
| o | Прочие индексы | SJR 0.159 | ||
| g | Прочая информация | V. 80. - P. 513–519 | ||
| 901 | t | Тип документа | b | |
| 952 | c | Вид литературы | статья в журнале |